Statistics for Simpson Characters That Don't Have The Letters B.A.R.T

Click here to take the quiz!

General Stats

  • This quiz has been taken 13 times
  • The average score is 6 of 21

Answer Stats

Answer% Correct
Lenny
100%
Milhouse
100%
Moe
100%
Nelson
100%
Chief Wiggum
67%
Poochie
67%
Sideshow Mel
67%
Helen Lovejoy
50%
Todd
50%
Dolph
33%
Eddie
33%
Jimbo
33%
Lou
33%
Bill
0%
Kodos
0%
Legs
0%
Lewis
0%
Louie
0%
Luigi
0%
Ole Gil
0%
Wendell
0%
Wiseguy
0%

Score Distribution

Percentile by Number Answered

Percent of People with Each Score

Your Score History

You have not taken this quiz